Incoherent Words And Phrases - Statistics

General Stats
  • This quiz has been taken 30 times
  • The average score is 9 of 30
Answer Stats
Hint Answer % Correct
Mic Done olds McDonalds
76%
Tear a miso Tiramisu
71%
Moan Elise uh Mona Lisa
62%
Soup herb pole Super Bowl
62%
Car own a vire us Coronavirus
57%
Knee Dylan a haste tack Needle in a haystack
57%
Dull lying kin The Lion King
57%
Fore mule uh won Formula 1
48%
Catch chop end must herd Ketchup and mustard
48%
Egg lead uh cling Ugly duckling
43%
Eye monkey loud nein I'm on cloud nine
38%
Oar dear ruff opera shuns Order of operations
38%
Lassed ae ruffs cool Last day of school
29%
Tag golf wore Tug of war
29%
Desk eyes deli mitt The sky's the limit
24%
Ash tray ace who dent A straight A student
19%
He app people earth duh hey Happy Birthday
19%
Hide hen tickled wins Identical twins
19%
Ruby ick scuba Rubik's Cube
19%
Up peas soft okay ick A piece of cake
14%
Hole day ore hoard sits Hold your horses
14%
Know whiff sand sore bots No if's, and's or but's
14%
Call ugg detour let Clogged toilet
10%
Spore sum ash hip Sportsmanship
10%
Bar star Bob ill Burst your bubble
5%
Die man during Diamond ring
5%
Thought bulge jury see Football jersey
5%
Live vest ant hence imprint sun Life sentence in prison
5%
Day kin won further ate aim Taking one for the team
5%
cull wall it tee tie um Quailty time
0%
No matching quizzes found
Score Distribution
Percent of People with Each Score
Percentile by Number Answered
Your Score History
You have not taken this quiz